000 00918nam0a2200289 4500
001 RU\NLR\BIBL_A\012519185
005 20250624055101.0
010 _95000
035 _a(NLR Aleph) 012519185
090 _a13303961
_c13303961
100 _a20210517d1959 |||y0rusy50 ca
101 0 _aaze
102 _aAZ
105 _aa z 000 y
181 0 _ai
_baxxe
182 0 _an
200 1 _aЧинли достларымыз
_fБ. Сеjидзадә
203 _aТекст
_bвизуальный
_cнепосредственный
210 _aБакы
_cУшагҝәнҹнәшр
_d1959
215 _a73, [2] с.
_cшәк.
_d20
541 1 _6z01790
_aКитайские друзья
_zrus
700 1 _aСеjидзадә
_bБ.
_4070
790 1 _6z01541
_aСеидзаде
_bБ. К. оглы
_gБагир Касум оглы
_4070
852 _aNLR
_bОНЛ
_jАзерб./2-9882
942 _cBOOK
980 _aNB